000 00440 a2200157 4500
005 20250508094005.0
020 _a978-0-07-302721-0
082 _a332.6 JOR
100 _aJORDAN, B. D.
245 _aFundamental of Investments: Valuation and Management
250 _a4th Ed.
260 _aNew York,
_bMc Graw-Hill,
_c2008.
300 _axxxvii, 708p.: ill.; figure, graph, table.
_bIndex.
_c26cm.
700 _aMILLER, T. W.
942 _2ddc
_cBKS
999 _c555
_d555